| 000 | 01127nam a2200289 i 4500 | ||
|---|---|---|---|
| 003 | DO-SdBNP | ||
| 005 | 20240701152839.0 | ||
| 007 | ta | ||
| 008 | 240701b2023 dr ac||| |||| 00| 0 spa d | ||
| 020 | _a9789945250718 | ||
| 040 |
_aDO-SdBNP _bspa _cBNPHU _erda |
||
| 082 | 4 |
_222 _bU15e |
|
| 100 | 1 |
_aUbiñas Renville, Guaroa, _d1944- _96462 _eautor |
|
| 245 | 1 | 0 |
_a Épica : _bresistencia patriótica en la zona norte durante la llamada Operación Limpieza / _cGuaroa Ubiñas Renville ; cuidado de edición y corrección, Johanna E. Sandoval Eugenia |
| 264 |
_aSanto Domingo : _bArchivo General de la Nación, _c2023. |
||
| 300 |
_a184 páginas : _bilustraciones y retratos ; _c23 cm. |
||
| 336 |
_2rdacontent _atexto _btxt |
||
| 337 |
_2rdamedia _asin mediación _bn |
||
| 338 |
_2rdacarrier _avolumen _bnc |
||
| 490 |
_aArchivo General de la Nación _v471 |
||
| 500 | _aIncluye datos biográficos del autor en las solapas | ||
| 504 | _aBibliografía : páginas 175-184 | ||
| 590 | _aInventariado, 2024/BT | ||
| 700 | 1 |
_aSandoval Eugenia, Johanna E., _eedicióny corrección _985915 |
|
| 910 | _aBtavárez | ||
| 942 |
_2ddc _cLBS1 |
||
| 999 |
_c57101 _d57101 |
||